[Event "Olympiad-39"]
[Site "Khanty-Mansiysk"]
[Date "2010.09.23"]
[Round "3.1"]
[White "Vachier Lagrave, Maxime"]
[Black "Gelfand, Boris"]
[Result "1-0"]
[WhiteElo "2721"]
[BlackElo "2751"]
[Annotator "Ftacnik,L"]
[PlyCount "73"]
[EventDate "2010.09.21"]
[EventType "team-swiss"]
[EventRounds "11"]
[EventCountry "RUS"]
[SourceTitle "CBM 139"]
[Source "ChessBase"]
[SourceDate "2010.11.18"]
[SourceVersion "1"]
[SourceVersionDate "2010.11.18"]
[SourceQuality "1"]
[WhiteTeam "France"]
[BlackTeam "Israel"]
[WhiteTeamCountry "FRA"]
[BlackTeamCountry "ISR"]

1. d4 d5 2. c4 c6 3. Nc3 Nf6 4. Nf3 e6 5. Bg5 h6 6. Bh4 dxc4 7. e4 g5 8. Bg3 b5
{A similar move by Black would have caused a sensation just a few decades ago.
But chess has become a somewhat different game and the Moscow variation is a
theme that is fascinating the best grandmasters in the world.} 9. Be2 Bb7 10.
h4 g4 11. Ne5 Rg8 12. Bxg4 Nbd7 13. Nxd7 {White is obliged to swap the knights
on d7, otherwise Black would have grabbed the advantage with the help of an
amusing exchange sacrifice.} (13. Bf3 $2 Rxg3 $1 14. fxg3 (14. Nxd7 Rxf3 $1 $17
) (14. Nxf7 Kxf7 15. fxg3 e5 $17) 14... Nxe5 15. dxe5 Nd7 16. O-O Nxe5 17. Bh5
Bc5+ 18. Kh1 (18. Kh2 Qxd1 19. Raxd1 Ke7 20. Ne2 Be3 21. Nf4 c5 22. Bxf7 Bxf4
23. Rxf4 Nxf7 24. Rxf7+ Kxf7 25. Rd7+ Kf6 26. Rxb7 a6 27. Rc7 Ke5 28. Rxc5+ Kd6
29. Rh5 b4 {0-1 Domogaev,S-Novikov,M/Tula 2005/ (41)}) 18... Qxd1 19. Raxd1 Ke7
20. Bxf7 Nxf7 21. Rxf7+ Kxf7 22. Rd7+ Kf6 23. Rxb7 Ke5 24. Rc7 Kd6 25. Rh7 Bd4
26. Rxh6 Rf8 {0-1 Borovikov,V-Shalimov,V/Alushta 2000/ (36)}) 13... Qxd7 14.
Bf3 b4 {Gelfand has the feeling that with active pieces he can afford to start
the direct struggle for the centre. The rich position contains lots of tension
and possibilities for both sides. It is too early to claim a preference for
any black move.} (14... c5 {This should have been the most logical, but White
can get something of a plus.} 15. dxc5 (15. e5 Nd5 16. Ne4 O-O-O 17. O-O Rxg3
18. Nxg3 Nf4 19. dxc5 Qc7 20. Bxb7+ Qxb7 21. Qf3 Qxf3 22. gxf3 Bxc5 23. Ne4 Bd4
24. Nd6+ Rxd6 25. exd6 Kd7 26. a4 b4 27. Rac1 c3 28. Rfd1 e5 29. bxc3 bxc3 30.
Kf1 f6 31. Rc2 {1-0 Gelfand,B (2739)-Leko,P (2734)/Miskolc 2010 (45)}) (15. Be5
cxd4 16. Qxd4 (16. Bxf6 dxc3 17. Qxd7+ Kxd7 18. O-O-O+ Ke8 $13) 16... Ng4 17.
Rd1 (17. Qxd7+ Kxd7 18. Bg3 a6 19. e5 Bxf3 20. gxf3 Ne3 $132) 17... Qxd4 18.
Bxd4 e5 (18... a6 $2 19. e5) 19. Nxb5 exd4 20. Nc7+ Kd7 21. Nxa8 Bc5 $17) 15...
b4 (15... Qxd1+ 16. Rxd1 a6 17. e5 Bxf3 18. gxf3 Nh5 19. Ne4 Rc8 20. Bf4 f5 21.
Nd6+ Bxd6 22. cxd6 Rc5 23. Bxh6 Rxe5+ 24. Kd2 Kd7 25. Bg5 b4 {1-0 Gelfand,B 
(2739)-Leko,P (2734)/Miskolc 2010 (86)}) 16. Qxd7+ Nxd7 (16... Kxd7 17. O-O-O+
Kc8 18. Nb5 Nxe4 19. c6 $1 (19. Rd4 Nxc5 20. Rxc4 Bxf3 21. gxf3 Kb7 22. Rd1 Rc8
$13) (19. Rhe1 Nxc5) 19... Bxc6 20. Rhe1 f5 21. Nd4 $16) 17. Nb5 Rc8 18. O-O-O
Nxc5 19. Nc7+ Ke7 20. Bd6+ Kf6 21. Bxc5 Bxc5 22. Rd7 Ke5 23. Nxe6 fxe6 24. Rxb7
Bb6 25. Rd1 c3 26. Rd3 Rgd8 27. Rxd8 Rxd8 28. bxc3 bxc3 {1/2-1/2 Gelfand,B 
(2739)-Leko,P (2734)/Miskolc 2010}) (14... O-O-O {The mobilisation of the
pieces towards the centre is putting White under some strain.} 15. Qd2 $1 (15.
a4 a6 (15... b4 16. Ne2 c5 17. Qc2 $14) 16. Be5 Ne8 (16... Qe7 $5) 17. axb5
cxb5 18. d5 Qe7 19. Qe2 Bg7 20. Bg3 Bd4 21. O-O-O Bxc3 (21... Qc5 22. Qd2 $5 (
22. dxe6 fxe6 23. Bg4 Nc7 24. Nd5 Bxd5 25. exd5 Bxb2+ $1 26. Kxb2 Qb4+ 27. Kc2
Qa4+ $1 28. Kc1 Qa1+ {1/2-1/2 Ivanov,S-Shalimov,V/Saint Petersburg/2000/ (30)})
) 22. bxc3 Qa3+ 23. Qb2 Qxb2+ 24. Kxb2 exd5 25. exd5 Nf6 26. Rhe1 Bxd5 27. Re7
Bxf3 28. Rc7+ Kb8 29. Rxd8+ Rxd8 30. Rxf7+ Kc8 31. Rc7+ Kb8 32. gxf3 $16 {
1-0 Lehnhoff,H-Howes,T/LSS 2007/ (36)}) (15. Bf4 $143 a6 16. a4 Bb4 17. e5 c5
$1 (17... Nd5 18. Bd2 $1) (17... Ng4 $6 18. axb5 cxb5 19. O-O) 18. exf6 cxd4
19. axb5 Qxb5 (19... dxc3 20. Qxd7+ Rxd7 21. Ra4 Bxf3 22. gxf3 Rgd8 (22... a5
23. bxc3) 23. Rxb4 Rd1+ 24. Ke2 Rxh1 25. Rxc4+ Kb7 26. bxc3 Rxh4 27. Rc7+ Kb6
28. Bg3 axb5 29. Rxf7 $44) 20. Qc2 $1 (20. Bxb7+ Qxb7 21. Qe2 Qc6 22. Bd2 dxc3
23. bxc3 Bc5 24. f3 Rd3 $17) 20... Bxf3 21. gxf3 dxc3 22. bxc3 Qf5 $1 (22...
Bd6 23. Bxh6 Be5 24. Ke2 Rd3 25. Qa4 $1 $11) 23. Qxf5 Bxc3+ 24. Ke2 exf5 $15 {
1/2-1/2 Gelfand,B (2733)-Kasimdzhanov,R (2677)/Elista 2007/ (38)}) 15... Rxg3 (
15... Qxd4 $4 16. Qxd4 Rxd4 17. Be5) 16. fxg3 e5 (16... Qxd4 17. Qxd4 Rxd4 18.
Rd1 $1 Rxd1+ (18... Bc5 19. g4 $5) 19. Kxd1 Nd7 (19... Kd8 $2 20. e5) 20. Bh5
$1 f6 21. Bf7 Nc5 22. Rf1 Bg7 23. Ne2 Kd7 24. Nf4 {1-0 Tacke,R (1787)-Parushev,
A (2357)/ICCF WS 2007/ (55)}) 17. O-O-O Qxd4 (17... exd4 $6 18. Qf4 $1 Qe6 19.
e5 dxc3 20. Rxd8+ Kxd8 21. Qxf6+ Qxf6 22. exf6 cxb2+ 23. Kxb2 $16) 18. g4 (18.
Qxd4 Rxd4 $1 (18... exd4 19. e5 dxc3 20. Rxd8+ Kxd8 21. exf6 {-17...exd4}) 19.
g4 $1) (18. Qe2) 18... Nd7 $1 19. Qxd4 exd4 20. Rxd4 Bg7 (20... Bc5 $5 21. Rdd1
Rh8) 21. Rdd1 Rg8 22. g5 Ne5 23. gxh6 Bxh6+ 24. Kb1 b4 25. Ne2 (25. Na4 Kc7 26.
Nc5 $6 Bc8) 25... c5 26. Rd6 Bg7 {1-0 Grischuk,A (2733)-Aronian,L (2773)/
Bilbao 2009/ (52)}) (14... Bb4 $5 15. O-O O-O-O 16. e5 Bxc3 17. bxc3 Nd5 18.
Qd2 Ne7 19. Qxh6 c5 20. d5 $6 (20. Qf4 $142) 20... Bxd5 21. Bxd5 Nxd5 22. Qc1
Qc6 23. Kh2 Rg7 24. Re1 Rdg8 25. Qc2 Kb7 26. a4 $6 b4 $17 {0-1 Fridman,D (2635)
-Stripunsky,A (2569)/Philadelphia 2007 (32)}) (14... Rxg3 15. fxg3 O-O-O 16. e5
$16) 15. Na4 c5 (15... O-O-O 16. Be5 Ne8 17. Qc2 f6 18. Bf4 Qxd4 $2 19. Rd1 b3
20. Qb1 $18) 16. Nxc5 Bxc5 17. dxc5 Nxe4 $146 {[%mdl 4] The elimination of the
e4-pawn with the knight is actually a new move, but it gives the impression of
being very logical.} (17... O-O-O $6 18. Qxd7+ Rxd7 (18... Nxd7 19. Rc1 $16) (
18... Kxd7 19. Rd1+ Kc8 20. Rc1 $16) 19. Rc1 Bxe4 (19... Nxe4 $2 20. c6 Bxc6
21. Rxc4 $18) 20. Rxc4 Bxf3 21. gxf3 a5 22. Ke2 Rd5 23. a3 bxa3 24. bxa3 e5 25.
Rb1 $16 {1-0 Shchekachev,A (2505)-Shalimov,V (2423)/St Petersburg 1999/ (33)})
(17... Bxe4 18. Bd6 $1 (18. Qxd7+ Kxd7 19. O-O-O+ Kc6 20. Bd6 Bxf3 21. gxf3 Nd5
22. Rd4 Rg2 23. Rf1 c3 24. bxc3 Nxc3 25. Kb2 Nd5 26. Kb3 a5 {0-1 Sakaev,K 
(2626)-Maletin,P (2581)/St Petersburg 2009 (36)}) 18... O-O-O 19. Qd4 Bxf3 20.
gxf3 Nd5 21. Qxc4 $14) 18. Qxd7+ Kxd7 19. O-O-O+ (19. Rd1+ $5 Ke7 (19... Ke8
20. Rd4 Nxg3 $2 21. Bxb7 $18) 20. Bd6+ Kf6 21. Bxe4 (21. c6 Bxc6 22. Bxb4 $11)
21... Bxe4 22. Rd4 Rg4 23. Rh3 $14) 19... Ke8 $1 (19... Kc8 20. Rhe1 Nxc5 (
20... Nxg3 21. c6 Ba6 22. fxg3 Rxg3 23. Rd7 $18) 21. Re5 Na4 (21... Bd5 22.
Rexd5 exd5 23. Rxd5 Ne6 24. Rf5 $18) 22. Bh5 Rd8 23. Rxd8+ Kxd8 24. Bxf7 $16)
20. Bf4 $1 {Both players have been looking into the secrets of this complex
position. Vachier Lagarve would gladly keep the bishop and attack with the
h-pawn.} (20. Rhe1 Nxc5 21. Bxb7 Nxb7 22. Rd4 $44) (20. Rd4 $6 Nxg3 21. Bxb7
Ne2+ 22. Kb1 Nxd4 23. Bxa8 c3 $15) 20... Nxc5 (20... Rc8 21. Bxh6 Bc6 22. Be3
Nxc5 23. Bxc6+ Rxc6 24. h5 $16) 21. Bxb7 Nxb7 22. Bxh6 Nc5 (22... Rxg2 23. Be3
Rc8 24. h5) 23. Be3 Nd3+ 24. Kb1 Rxg2 25. h5 {Black has a material advantage
and very active position. Unfortunately for him the white h-pawn represents a
huge force that has to be confronted.} f5 (25... Nxf2 $2 26. Rd2 Nxh1 27. Rxg2
$18) 26. h6 Kf7 27. h7 Rh8 28. b3 $1 e5 $2 {As it turns out Gelfand is
struggling with serious problems. One inaccuracy can often become decisive in
endangered situations.} (28... f4 $1 29. Bd4 e5 30. bxc4 exd4 31. Rxd3 Rxf2 32.
Rxd4 Ke6 33. c5 Ke5 34. Rxb4 $16) 29. bxc4 Nxf2 (29... f4 30. Rxd3 fxe3 31.
fxe3 $18) 30. Bxf2 Rxf2 31. c5 $1 {The two mobile pawns are more dangerous,
than the connected black pair in the centre.} Rf3 (31... b3 32. c6 bxa2+ 33.
Ka1 Rc2 34. Rd7+ Kf6 35. c7 $18) 32. c6 Rc3 33. Rd7+ $5 {White is certainly
right with the active approach, even though the primitive support for the
passed pawn from behind was also sufficient.} (33. Rc1 $5 e4 34. Rxc3 bxc3 35.
c7 e3 (35... f4 36. c8=Q Rxc8 37. h8=Q Rxh8 38. Rxh8 f3 39. Kc2 $18) 36. c8=Q
Rxc8 37. h8=Q Rxh8 38. Rxh8 e2 39. Rh1 f4 40. Kc2 f3 41. Kd3 $18) 33... Kg6 (
33... Ke6 $2 34. Rh6#) (33... Kf8 34. c7 $18) 34. c7 f4 35. Rd6+ (35. Rg1+ Kf5
(35... Rg3 36. Rxg3+ fxg3 37. Rd8 g2 38. Rg8+ $18) 36. Rg8 Rxh7 37. Rxh7 $18)
35... Kg7 36. Rg1+ Kf7 (36... Kxh7 37. Rd7+ Kh6 38. Rd8 $18) 37. Rd8 {Black's
defence is shattered as he can not eliminate the pawns even at the cost of a
whole rook.} (37. Rd8 Rxh7 38. Rd7+ Ke6 39. Rxh7 $18) 1-0

[Event "Dortmund SuperGM 24th"]
[Site "Dortmund"]
[Date "1996.07.07"]
[Round "3"]
[White "Topalov, Veselin"]
[Black "Gelfand, Boris"]
[Result "1/2-1/2"]
[WhiteElo "2750"]
[BlackElo "2665"]
[Annotator "Gelfand,B"]
[PlyCount "115"]
[EventDate "1996.07.05"]
[EventType "tourn"]
[EventRounds "9"]
[EventCountry "GER"]
[EventCategory "18"]
[SourceTitle "CBM 054"]
[Source "ChessBase"]
[SourceDate "1996.10.01"]
[SourceVersion "1"]
[SourceVersionDate "1996.10.01"]
[SourceQuality "1"]

1. d4 {Hecht Tischbierek} d5 2. c4 c6 3. Nf3 Nf6 4. Nc3 e6 5. Bg5 h6 6. Bh4 {
Dieses Gambit ist in der letzten Zeit wieder etwas in Mode gekommen. Meines
Erachtens hat Weiß Kompensation - nicht mehr und nicht weniger.} dxc4 7. e4 g5
8. Bg3 b5 9. Be2 Bb7 (9... a6 $6 {Dieser Zug ist wahrscheinlich ein
Tempoverlust.} 10. Qc2 Be7 11. Rd1 Bb7 12. O-O Nbd7 13. Ne5 Nxe5 14. Bxe5 Rg8
15. Bxf6 Bxf6 16. e5 Be7 17. Qh7 $40 {Lobron,E-Slobodjan,R/Nussloch (03) ;CBM
53 1996}) (9... b4 10. Na4 Nxe4 11. Be5 Rg8 12. Qc2 $36) 10. O-O (10. e5 Nd5 (
10... Nh5 11. O-O Nd7 12. a4 a6 13. Kh1 (13. d5 $5) 13... Ng7 14. Ne4 Nf5 (
14... c5 15. Nd6+ Bxd6 16. exd6 $40) 15. Nfd2 Qb6 (15... Nxd4 16. Nxc4 bxc4 17.
Qxd4 $16) 16. Bh5 Qxd4 17. Qg4 Nc5 (17... c5 $142 18. Rae1 Rh7 $1 19. f4 O-O-O
$17) 18. Rae1 Nd3 19. Re2 Be7 20. f4 gxf4 21. Bxf4 Nxf4 22. Rxf4 Qxe5 23. Ng3
Qg7 {1-0 Piket,J-Dreev,A/Groningen/1991/ (26)}) 11. h4 Qa5 12. Rc1 g4 13. Nd2
c5 (13... Nxc3 14. bxc3 h5 15. Ne4 Nd7 16. f3 c5 17. Nd6+ Bxd6 18. exd6 cxd4
19. Qxd4 O-O-O 20. fxg4 Bxg2 21. Rg1 Bc6 22. a4 {Kishnev,S-Bykhovsky,Av/USSR/
1982/}) 14. Nce4 cxd4 15. O-O h5 16. a4 a6 17. b4 Qd8 18. Bxc4 bxc4 19. Nxc4
Nc3 20. Nxc3 dxc3 21. Nd6+ Bxd6 22. exd6 Qf6 23. Qd3 O-O 24. Rxc3 Bd5 {1/2-1/2
Kasparov,G-Tal,M/Moscow izt (05)/1982/}) 10... Nbd7 (10... Be7 11. Ne5 Nbd7 12.
f4 Nxe5 13. fxe5 Nh7 14. Bh5 O-O 15. Qf3 f5 16. exf5 Qxd4+ 17. Bf2 Qxe5 18.
Rae1 Qxf5 19. Qxf5 Rxf5 20. Rxe6 Bf6 21. Bg6 Rxf2 22. Kxf2 Bxc3 23. bxc3 Nf8
24. Rd6 {1-0 Kupreichik,V-Sveshnikov,E/URS-ch52 Riga (06)/1985/ (39)}) (10...
a6 11. a4 Bg7 12. e5 Nd5 13. Ne4 Bf8 14. Nd6+ Bxd6 15. exd6 Nd7 16. Ne5 Nxe5
17. dxe5 Qd7 18. Qd4 Rc8 19. Qc5 Qd8 20. a5 h5 21. h3 Ra8 22. f4 g4 23. f5 exf5
24. Rxf5 Bc8 25. Bh4 {Poluljahov,A-Meister,Y/RSFSR-ch Kuibishev/1990/0-1 (76)})
11. a4 $146 (11. d5 cxd5 12. exd5 Nxd5 (12... Qb6 13. dxe6 fxe6 14. Nd4 Bc5 15.
Ndxb5 O-O 16. Bf3 Bxf3 17. Qxf3 Rac8 18. Rad1 Qc6 19. Qe2 Nd5 20. Nd6 Bxd6 21.
Qxe6+ Kg7 22. Bxd6 {1-0 Spassky,B-Kostro,J/Siegen olm/1970/}) 13. Nxb5 a6 (
13... N7b6 14. Qd4 Rg8 15. Qe4 Qd7 16. Nc7+ Nxc7 17. Qxb7 Bd6 18. Bxd6 Qxd6 19.
Rfd1 Qe7 20. Bxc4 Kf8 21. Rac1 {1-0 Ivanov,Se-Drogoon,A/Minsk (09)/1995/ (33)})
14. Nd6+ (14. Nbd4 Bg7 15. Bxc4 O-O 16. Re1 Rc8 17. Rc1 Qb6 18. Qd2 Rfe8 19.
Nf5 exf5 20. Bxd5 Nf6 21. Rxc8 Rxc8 22. Bxb7 Qxb7 23. Be5 Ne4 24. Qd4 {1-0
Shirov,A-Kramnik,V/Frankfurt rap (03)/1996/ (40)}) 14... Bxd6 15. Bxd6 Qb6 (
15... N7b6 16. Qd4 Rg8 17. Bg3 Nf4 18. Qe5 f6 19. Qe3 Nbd5 20. Qe4 Nc3 21. Qxb7
Ncxe2+ 22. Kh1 Qd5 23. Qh7 O-O-O 24. Qa7 Qc6 25. Rfe1 Nd4 26. Bxf4 gxf4 {
0-1 Neurohr,S-Ribli,Z/BL 9091/1991/}) 16. Bg3 (16. Ba3 $2 Nf4 17. Bxc4 Nxg2 $1)
16... Rc8 $15 {Bareev,E-Dreev,A/Wijk (5.3) ;CBM 45 1995} (16... Rc8 17. Rc1 c3
18. Ne5 cxb2 19. Rxc8+ Bxc8 20. Qc2 O-O 21. Nc4 Qd4 22. Rb1 Nc3 23. Rxb2 Ne4
24. Nd2 Nxg3 25. hxg3 Nc5 {Bareev,E-Dreev,A/Wijk (5.3)/1995/1/2-1/2 (75)}) (
16... c3 17. Rb1 $1)) (11. Qc2) 11... b4 (11... a6) 12. e5 (12. Na2 Nxe4 13.
Bxc4 Bg7 14. Nxb4 Nxg3 15. hxg3 c5) 12... Nh5 (12... bxc3 13. exf6 cxb2 14. Rb1
c3 15. Qb3 $14) (12... g4 13. Ne1 bxc3 14. exf6 cxb2 15. Rb1 Ba6 16. Rxb2 $15)
(12... Nd5 13. Ne4 $36) 13. Ne4 c5 14. Nfd2 (14. Nd6+ Bxd6 15. exd6 Nxg3 16.
fxg3 O-O 17. Bxc4 Nb6 (17... cxd4 18. Qxd4 Qb6 $10)) (14. Nxc5 Nxc5 15. dxc5
Qd5 16. Qc1 Ba6 $15) 14... Nxg3 15. fxg3 Be7 (15... cxd4 16. Bh5 Nxe5 (16...
Bxe4 17. Nxe4 Nxe5 18. Nf6+ Ke7 $13) 17. Nxc4 $1 Nxc4 (17... d3 18. Nxe5 Qd4+
19. Kh1 Qxe4 20. Bxf7+ $16) 18. Rxf7 $18) 16. Nd6+ Bxd6 17. exd6 c3 $1 (17...
O-O 18. Nxc4 $14) (17... cxd4 18. Nxc4 e5 19. Bh5 O-O 20. Rc1 $15) 18. bxc3
bxc3 19. Nc4 (19. Qb3 Qb6 (19... cxd2 $140 $4 20. Qxe6+ $3) (19... O-O $5) 20.
Qxc3 cxd4) 19... O-O 20. Rc1 f5 $1 {Black has to secure f6 square for the queen
} (20... cxd4 21. Qxd4 Nb6 22. Rxc3 $10) 21. dxc5 (21. Ne5 cxd4 22. Qxd4 (22.
Nxd7 Qxd7 23. Qxd4 Bd5 $10) 22... Qf6) (21. Rxc3 $13 {Gelfand}) 21... Rc8 $5 (
21... Nxc5 $5 22. Rxc3 Ne4) 22. Bf3 $2 (22. Rxc3 Rxc5 $13) (22. Qb3 $13 {
Gelfand}) 22... Ba6 $1 (22... Bxf3 23. Rxf3 Rxc5 24. Rfxc3 $10) 23. c6 (23.
Rxc3 Rxc5 (23... Rxc5 24. Qb3 Bxc4 25. Rxc4 Rxc4 26. Qxc4 Qb6+ 27. Kh1 Qxd6 28.
Rd1 $15)) 23... Bxc4 24. c7 (24. Re1 Rxc6 25. Bxc6 Qb6+ 26. Kh1 Qxc6 27. Rxc3
Qa6 $19) (24. cxd7 Qxd7 25. Re1 c2 $1 {Tischbierek} (25... Rfd8 $17)) 24... Qf6
(24... Rxc7 25. dxc7 Qxc7 26. Re1 $13 (26. Rxc3 Qb6+ 27. Rf2 Ne5)) 25. Re1 (25.
Rf2 Nc5 {/\Nd3}) 25... Nc5 26. Re3 Ne4 $1 (26... Bb3 27. Qe1 Nxa4 28. Bb7 Qd4
29. Bxc8 Rxc8 30. Rb1 f4 31. d7 Qxd7 $19) 27. h3 (27. g4 e5 28. gxf5 Nxd6) (27.
Bxe4 fxe4 28. Kh1 c2 $1 29. Qe1 Bd3) 27... Bd5 28. Bxe4 fxe4 (28... Bxe4 29.
Rexc3 e5 30. d7 $16) 29. Rexc3 Rf7 (29... e3 30. Kh2 Bxg2 31. d7 $3 (31. Kxg2
Qf2+ 32. Kh1 Qxg3 33. Qh5 (33. Qg4 Qxd6 $19) 33... Kg7 34. d7 Rf2 $19) 31...
Be4 (31... Qf2 32. R1c2 Bc6+ 33. Rxf2 Rxf2+ 34. Kg1 Rg2+ 35. Kf1 Rf8+ (35...
e2+ 36. Qxe2 Rf8+ 37. Rf3 $18) 36. Ke1 Rg1+ 37. Ke2 Rxd1 38. c8=Q Bxd7 $13) (
31... Bb7 32. R1c2 (32. R3c2 Rxc7 $19) 32... Qf2+ 33. Rxf2 Rxf2+ 34. Kg1 Rg2+
35. Kf1 (35. Kh1 Rd2+ 36. Kg1 Rxd1+ 37. Kh2 Rh1#) 35... Rf8+ 36. Ke1 Ba6 37.
Qd3 $1 Bxd3 38. Rxd3 $18) 32. Qe2 (32. R1c2 Bxc2 33. Qxc2 Rxc7 34. Rxc7 Qf2+
35. Qxf2 exf2 36. Rc1 Rd8 $17) 32... Qf2+ 33. Qxf2 Rxf2+ 34. Kg1 Rcf8 35. c8=Q
Rg2+ 36. Kh1 $10) 30. Kh2 (30. Qe2 Qd4+ 31. Kh2 (31. Qe3 Qxe3+ 32. Rxe3 Kf8)
31... Qb6 $19) 30... Qe5 31. Rc6 {Black is easily winning here, but I was
short of time and lost control of the position} e3 (31... Bxc6 32. Rxc6 Qd5 33.
Qc2 Rd7 $19) 32. Qe2 Bxc6 $2 (32... Qe4 33. R6c4 Bxc4 34. Rxc4 Qd5 $19) 33.
Rxc6 Qd5 (33... Kg7 34. Qa6 Rf3 $1 35. gxf3 (35. Rc1 Qxg3+ 36. Kh1 e2 37. Qxe2
Rf2 38. Qe4 Qxd6 $19) 35... Qb2+ 36. Kg1 (36. Kh1 e2 $19) 36... Qf2+ 37. Kh1
Qe1+ 38. Kg2 Qd2+ 39. Kg1 e2 $19 {Tischbierek}) 34. Qa6 Rff8 35. Rc3 Kg7 (35...
e2 36. Re3) 36. Rd3 (36. Rxe3 Rf2 $19) 36... Qe4 (36... e2 37. Rxd5 e1=Q 38.
Qxc8 (38. d7) 38... Rxc8 39. d7 $132) 37. Qxc8 Rxc8 38. d7 Rxc7 (38... Qa8 39.
d8=Q Rxd8 40. Rxd8 $1 $18 (40. cxd8=Q Qxd8 41. Rxd8 e2 $19)) (38... Qxd3 39.
dxc8=Q e2 40. Qxe6 Qc2 41. c8=Q $18) 39. d8=Q Rf7 40. Qd4+ (40. Rd7 e2 $19)
40... Qxd4 41. Rxd4 {Hecht: Ab Zug 48 je 1 Randfreibauer, taktikischer Witz
Zug 53} Rb7 $2 (41... e5 $1 {Black could use the fact, that the white King is
out of play and still win} 42. Re4 Kf6 43. Rxe3 Ke6 44. Re1 Kd5 45. Rd1+ Kc4
46. Re1 Kd4 47. Rd1+ Kc3 48. Re1 Re7 $19) (41... e2 42. Re4 Rf2 43. g4) (41...
Rf1 42. Re4 Re1 43. Rxe6 e2 44. g4 $15) 42. Re4 Kf6 43. Rxe3 Rb4 (43... a5 $5)
44. Rf3+ Ke7 45. Rc3 (45. Ra3 {Hecht} a5 $17) 45... Rxa4 (45... Kd6 46. a5 $5)
46. Rc7+ Kd6 (46... Kf6 47. Rh7 Kg6 48. Re7 Ra6 (48... Kf5 {Hecht} 49. g4+ Kf6
50. Rh7 $15) 49. g4 h5 50. gxh5+ Kxh5 $15) 47. Rh7 a5 48. Rxh6 Rc4 49. Rh8 $1 (
49. h4 Rc8 $1) 49... a4 50. h4 g4 (50... gxh4 51. gxh4 Kc5 (51... Ke5 52. Kh3
$10) 52. h5 a3 53. Ra8 Kb4 54. Kh3 $13) 51. h5 Ke7 52. h6 Kf7 53. Re8 Rc5 (
53... Kg6 54. Rxe6+ Kh7 $10) 54. Ra8 Rh5+ 55. Kg1 Rxh6 56. Rxa4 Rg6 57. Kf2 Kg7
58. Kf1 1/2-1/2